[Event "Nikaia op 29th"]
[Site "Nikaia"]
[Date "2022.09.08"]
[Round "8"]
[White "Pitsakis, Ilias"]
[Black "Georgantas, Antonios"]
[Result "0-1"]
[WhiteElo "1411"]
[BlackElo "1854"]
[PlyCount "53"]
[EventDate "2022.09.01"]
[EventType "swiss"]
[EventRounds "9"]
[EventCountry "GRE"]
[SourceTitle "CBM 210 Extra"]
[Source "ChessBase"]
[SourceDate "2022.11.30"]
[SourceVersion "1"]
[SourceVersionDate "2022.11.30"]
[SourceQuality "1"]

1. d4 d5 2. Nf3 e6 3. g3 f5 4. Bg2 Nf6 5. 0-0 Be7 6. c4 c6 7. Qc2 0-0 8. Ne5 Nbd7 9. Nxd7 Bxd7 10. Nd2 Rc8 11. b3 Be8 12. Bb2 Bg6 13. Qd1 Qe8 14. Re1 Bd6 15. Nf3 f4 16. Ne5 fxg3 17. hxg3 Ne4 18. Rf1 Bf5 19. Bxe4 Bxe4 20. f3 Bg6 21. c5 Bc7 22. b4 Rd8 23. e3 Bxe5 24. dxe5 Qe7 25. Kg2 Rf7 26. Qd4 Rdf8 27. Rf2 0-1

[Event "Nikaia op 29th"]
[Site "Nikaia"]
[Date "2022.09.06"]
[Round "6"]
[White "Pitsakis, Ilias"]
[Black "Vassis, Michail"]
[Result "0-1"]
[WhiteElo "1411"]
[BlackElo "1748"]
[PlyCount "154"]
[EventDate "2022.09.01"]
[EventType "swiss"]
[EventRounds "9"]
[EventCountry "GRE"]
[SourceTitle "CBM 210 Extra"]
[Source "ChessBase"]
[SourceDate "2022.11.30"]
[SourceVersion "1"]
[SourceVersionDate "2022.11.30"]
[SourceQuality "1"]

1. d4 d5 2. Nf3 Nf6 3. g3 e6 4. Bg2 Be7 5. 0-0 0-0 6. c4 c6 7. Qc2 b6 8. Nbd2 Nbd7 9. e4 dxe4 10. Nxe4 Bb7 11. Ne5 Rc8 12. Rd1 Nxe4 13. Bxe4 f5 14. Nxd7 Qxd7 15. Bg2 Bf6 16. Be3 Rcd8 17. c5 b5 18. Bf4 Rf7 19. Be5 Qe8 20. f4 Rfd7 21. Bd6 Be7 22. Be5 Bf6 23. Bd6 Rxd6 24. cxd6 Rxd6 25. Rd3 Bxd4+ 26. Kh1 Qd7 27. Rad1 c5 28. Bxb7 Qxb7+ 29. Qg2 Qd7 30. Qd2 b4 31. b3 a5 32. Qc2 Qb5 33. h3 h6 34. Kh2 Qe8 35. Qe2 Rd5 36. Re1 e5 37. Qc2 e4 38. Qc4 Qd7 39. Rdd1 Kh7 40. Kg2 Rd6 41. Qe2 Rg6 42. Kh2 Qd6 43. Qh5 Qf6 44. Qe2 Qd6 45. Qh5 Rf6 46. Qe2 Rf7 47. Qc4 Re7 48. Qe2 g6 49. Qd2 Ra7 50. Re2 a4 51. h4 Qe6 52. Qc2 axb3 53. Qxb3 Qe7 54. Qd5 Rd7 55. Qc4 e3 56. Qc2 Rd8 57. h5 Rf8 58. hxg6+ Kxg6 59. Rg2 Kg7 60. Qe2 h5 61. Rdg1 Kh6 62. Kh1 Rg8 63. Qa6+ Rg6 64. Qe2 Qb7 65. Rb1 Rxg3 66. Kh2 Rg4 67. Rxg4 fxg4 68. Kg3 Qe4 69. Rc1 Kg6 70. Qa6+ Bf6 71. Qe2 Be7 72. Rc4 Qh1 73. Qd3+ Kg7 74. f5 Qf3+ 75. Kh2 Qf2+ 76. Kh1 Qe1+ 77. Kg2 Qd2+ 0-1

[Event "GRE-chT 49th"]
[Site "Thessaloniki"]
[Date "2022.08.12"]
[Round "1.8"]
[White "Benardis, Georgios"]
[Black "Pitsakis, Ilias"]
[Result "0-1"]
[WhiteElo "1002"]
[BlackElo "1411"]
[PlyCount "40"]
[EventDate "2022.08.12"]
[EventType "team-swiss"]
[EventRounds "7"]
[EventCountry "GRE"]
[SourceTitle "CBM 209 Extra"]
[Source "ChessBase"]
[SourceDate "2022.09.30"]
[SourceVersion "1"]
[SourceVersionDate "2022.09.30"]
[SourceQuality "1"]
[WhiteTeam "Zeenon Glyfathas"]
[BlackTeam "Piraikos"]
[WhiteTeamCountry "GRE"]
[BlackTeamCountry "GRE"]

1. e4 d5 2. exd5 Nf6 3. Nc3 Nxd5 4. Nxd5 Qxd5 5. Nf3 e5 6. d4 Nc6 7. Be3 Bg4 8. Be2 0-0-0 9. dxe5 Bxf3 10. Bxf3 Qxe5 11. Qc1 Nd4 12. Bg4+ f5 13. Bh3 Qb5 14. c4 Bb4+ 15. Kf1 Qe5 16. Bg5 Qe2+ 17. Kg1 Qd3 18. Bxd8 Ne2+ 19. Kf1 Nxc1+ 20. Kg1 Qd1# 0-1

[Event "EU-ch Hybrid U10"]
[Site "Tornelo INT"]
[Date "2021.10.15"]
[Round "1"]
[White "Pitsakis, Ilias"]
[Black "Artemis, Sotiris"]
[Result "1-0"]
[WhiteElo "1417"]
[BlackElo "1030"]
[PlyCount "49"]
[EventDate "2021.10.15"]
[EventType "swiss"]
[EventRounds "9"]
[EventCountry "NET"]
[SourceTitle "EXT 2023"]
[Source "ChessBase"]
[SourceDate "2022.10.05"]
[SourceVersion "1"]
[SourceVersionDate "2022.10.05"]
[SourceQuality "1"]
[WhiteTeam "Greece"]
[BlackTeam "Zypern"]
[WhiteTeamCountry "GRE"]
[BlackTeamCountry "CYP"]

1. d4 Nf6 2. c4 e6 3. Nc3 d5 4. cxd5 Nxd5 5. e4 Nf6 6. Nf3 c5 7. Be3 Qb6 8. a3 Qxb2 9. Na4 Qxa1 10. Qxa1 cxd4 11. Bxd4 Be7 12. Bb5+ Nbd7 13. Bc5 Nxe4 14. Bxe7 Kxe7 15. Qxg7 Rf8 16. 0-0 a6 17. Bxd7 Bxd7 18. Nb6 Rad8 19. Nxd7 Rxd7 20. Qxh7 Nf6 21. Qh4 Rg8 22. Ne5 Rd5 23. Qb4+ Ke8 24. Qxb7 Kf8 25. Qxf7# 1-0

[Event "GRE-ch South U10"]
[Site "Athens"]
[Date "2020.08.31"]
[Round "6"]
[White "Pitsakis, Ilias"]
[Black "Lampropoulos, Pavlos"]
[Result "1-0"]
[WhiteElo "1218"]
[BlackElo "1023"]
[PlyCount "99"]
[EventDate "2020.08.28"]
[EventType "swiss"]
[EventRounds "9"]
[EventCountry "GRE"]
[SourceTitle "EXT 2023"]
[Source "ChessBase"]
[SourceDate "2022.10.05"]
[SourceVersion "1"]
[SourceVersionDate "2022.10.05"]
[SourceQuality "1"]

1. d4 d5 2. Nf3 e6 3. g3 Nf6 4. Bg2 Nbd7 5. 0-0 Be7 6. c4 0-0 7. Qc2 c6 8. Nbd2 h6 9. e4 dxe4 10. Nxe4 Nb6 11. b3 Bd7 12. Rd1 Qc7 13. Bf4 Qc8 14. a4 Be8 15. Nxf6+ Bxf6 16. Bd6 Nd7 17. Bxf8 Nxf8 18. Rac1 c5 19. h4 Ng6 20. Qd2 cxd4 21. Nxd4 Bc6 22. Nxc6 bxc6 23. Qd7 Ne5 24. Qxc8+ Rxc8 25. f4 Ng6 26. Rd6 c5 27. Rd7 Rb8 28. Rb1 Rb4 29. Rxa7 Nf8 30. Rb7 Bd4+ 31. Kf1 Rxb7 32. Bxb7 Nd7 33. a5 Kf8 34. a6 Ke8 35. a7 Nb6 36. a8Q+ Nxa8 37. Bxa8 Kd7 38. Rd1 Kc7 39. Rxd4 cxd4 40. Ke2 Kd6 41. Kd3 Kc5 42. b4+ Kxb4 43. Kxd4 f6 44. c5 Kb5 45. c6 Kb6 46. h5 Kc7 47. Kc5 Kb8 48. Kb6 e5 49. Bb7 e4 50. c7# 1-0

[Event "GRE-ch South U10"]
[Site "Athens"]
[Date "2020.08.30"]
[Round "4"]
[White "Vassis, Michail"]
[Black "Pitsakis, Ilias"]
[Result "0-1"]
[WhiteElo "1364"]
[BlackElo "1218"]
[PlyCount "50"]
[EventDate "2020.08.28"]
[EventType "swiss"]
[EventRounds "9"]
[EventCountry "GRE"]
[SourceTitle "EXT 2023"]
[Source "ChessBase"]
[SourceDate "2022.10.05"]
[SourceVersion "1"]
[SourceVersionDate "2022.10.05"]
[SourceQuality "1"]

1. Nf3 d5 2. d4 Nf6 3. e3 e6 4. Be2 c5 5. b3 Nc6 6. Bb2 Bd6 7. 0-0 0-0 8. Ne5 Qc7 9. f4 Ne7 10. Bd3 b6 11. Nd2 Bb7 12. c4 Ne4 13. Qc2 Nxd2 14. Qxd2 cxd4 15. Bxd4 f6 16. Ng4 h5 17. Nf2 e5 18. fxe5 fxe5 19. Bb2 e4 20. Be2 Bxh2+ 21. Kh1 Nf5 22. Nxe4 dxe4 23. Rxf5 Rxf5 24. g4 Rf2 25. c5 Qg3 0-1

[Event "GRE-ch U08"]
[Site "Patras"]
[Date "2019.06.28"]
[Round "6.1"]
[White "Oikonomopoulos, Filippos"]
[Black "Pitsakis, Ilias"]
[Result "1/2-1/2"]
[WhiteElo "1348"]
[BlackElo "1122"]
[PlyCount "77"]
[EventDate "2019.06.25"]
[EventType "swiss"]
[EventRounds "9"]
[EventCountry "GRE"]
[SourceTitle "EXT 2020"]
[Source "ChessBase"]
[SourceDate "2019.10.17"]
[SourceVersion "1"]
[SourceVersionDate "2019.10.17"]
[SourceQuality "1"]
[WhiteTeam "Greece"]
[BlackTeam "Greece"]
[WhiteTeamCountry "GRE"]
[BlackTeamCountry "GRE"]

1. e4 d5 2. exd5 Nf6 3. Bb5+ Bd7 4. Be2 c6 5. dxc6 Nxc6 6. Nf3 e5 7. d4 e4 8. Ne5 Nxe5 9. dxe5 Qa5+ 10. Nc3 Qxe5 11. Be3 Bb4 12. Qd4 Qa5 13. 0-0 Bxc3 14. Qxc3 Qxc3 15. bxc3 0-0 16. Rab1 b6 17. Ba6 Be6 18. a3 Nd5 19. Bd4 Rad8 20. Rfd1 Bg4 21. Rd2 Nc7 22. Be2 Bxe2 23. Rxe2 f5 24. Rd1 Ne6 25. Red2 h6 26. Be5 b5 27. Rxd8 Rxd8 28. Rxd8+ Nxd8 29. Kf1 Kf7 30. Bc7 Ne6 31. Bb8 a6 32. g3 g5 33. Ke2 g4 34. Ke3 Kf6 35. Ba7 Ke7 36. Bd4 Kd6 37. Bf6 Kd5 38. Bd4 Kc4 39. Bf6 1/2-1/2